गीतेतील जीवनसंस्‍कार (Record no. 36905)

MARC details
000 -LEADER
fixed length control field 00467nam a2200169Ia 4500
008 - FIXED-LENGTH DATA ELEMENTS--GENERAL INFORMATION
fixed length control field 220531s9999 xx 000 0 und d
041 ## - LANGUAGE CODE
Language code of text/sound track or separate title mar
100 ## - MAIN ENTRY--PERSONAL NAME
Personal name चिपळूणकर वि.वि.
9 (RLIN) 65124
245 ## - TITLE STATEMENT
Title गीतेतील जीवनसंस्‍कार
250 ## - EDITION STATEMENT
Edition statement 1
260 ## - PUBLICATION, DISTRIBUTION, ETC. (IMPRINT)
Place of publication, distribution, etc. Pune
Name of publisher, distributor, etc. Sanskrut Gitayan Kendra
Date of publication, distribution, etc. 2007
300 ## - PHYSICAL DESCRIPTION
Extent 64
542 ## - INFORMATION RELATING TO COPYRIGHT STATUS
Copyright holder 23-02-2012
650 ## - SUBJECT ADDED ENTRY--TOPICAL TERM
Topical term or geographic name as entry element General
9 (RLIN) 65125
906 ## - LOCAL DATA ELEMENT F, LDF (RLIN)
d 2011-2012
Holdings
Withdrawn status Lost status Source of classification or shelving scheme Damaged status Not for loan Collection code Home library Current library Date acquired Cost, normal purchase price Total Checkouts Total Holds Full call number Barcode Date last seen Bill Date Koha item type Original Barcode
    Dewey Decimal Classification       Shri Siddhivinayak Mahila Mahavidyalaya Shri Siddhivinayak Mahila Mahavidyalaya 23/02/2012 50.00   1 /-/B/18273 SSMM-BK-18273 06/08/2022 06/08/2022 Books 010018273